000 00569nam a2200241Ia 4500
003 OSt
005 20220916111045.0
006 a|||||r|||| 00| 0
007 ta
008 220915b |||||||| |||| 00| 0 eng d
024 _a245089
037 _cTextbook
040 _beng
_aARTS
_cARTS
041 _aeng
082 _aB7, J7
100 _aRawat D.S.
245 0 _aDynamics
260 _aAgra
_bB.R.College India
300 _aiv,313p.
_ccm.
650 _aMATHEMATICS
942 _hB7, J7
_cTB
_2CC
999 _c104747
_d104747